书目信息 |
| 题名: |
毕淑敏作品
|
|
| 作者: | 毕淑敏 著 | |
| 分册: | 1 话说家庭 | |
| 出版信息: | 长春 时代文艺出版社 2008.11 |
|
| 页数: | 273页 | |
| 开本: | 22cm | |
| 丛书名: | ||
| 单 册: | ||
| 中图分类: | I267 | |
| 科图分类: | ||
| 主题词: | 散文--san wen--中国--当代--作品集 | |
| 电子资源: | ||
| ISBN: | 978-7-5387-2457-8 | |
| 000 | 00823nam0 2200241 450 | |
| 001 | 012009696965 | |
| 005 | 20091015143937.23 | |
| 010 | @a978-7-5387-2457-8@dCNY26.00 | |
| 100 | @a20091015d2008 em y0chiy0120 ea | |
| 101 | 0 | @achi |
| 102 | @aCN@b220000 | |
| 105 | @ay z 000cy | |
| 106 | @ar | |
| 200 | 1 | @a毕淑敏作品@Abi shu min zuo pin@h1@i话说家庭@f毕淑敏著@Fbi shu min zhu |
| 210 | @a长春@c时代文艺出版社@d2008.11 | |
| 215 | @a273页@d22cm | |
| 330 | @a本书介绍了:家是一个那么容易发生地震的地方,其频率和烈度大大超乎我们的想象,震中却往往不足挂齿。好像人们相知得越多,越难以彼此从容地体谅。 | |
| 517 | 1 | @a话说家庭@Ahua shuo jia ting |
| 606 | 0 | @a散文@Asan wen@y中国@z当代@j作品集 |
| 690 | @aI267@v4 | |
| 701 | 0 | @a毕淑敏@Abi shu min@4著 |
| 801 | 0 | @aCN@bQSSK@c20091015 |
| 905 | @b761959-61@dI267@eB763:1@f3 | |
| 毕淑敏作品.1.话说家庭/毕淑敏著.-长春:时代文艺出版社,2008.11 |
| 273页;22cm |
| ISBN 978-7-5387-2457-8:CNY26.00 |
| 本书介绍了:家是一个那么容易发生地震的地方,其频率和烈度大大超乎我们的想象,震中却往往不足挂齿。好像人们相知得越多,越难以彼此从容地体谅。 |
| ● |
| 相关链接 |
|
|
|
正题名:毕淑敏作品
索取号:I267/B763:1
 
预约/预借
| 序号 | 登录号 | 条形码 | 馆藏地/架位号 | 状态 | 备注 |
| 1 | 761959 | 207619594 | 社科二线422/422社科库 28排3列3层/ [索取号:I267/B763:1] | 在馆 | |
| 2 | 761960 | 207619601 | 文学库116/116文学库 2排5列5层/ [索取号:I267/B763:1] | 在馆 | |
| 3 | 761961 | 207619610 | 社科二线400B/400B社科库 25排2列3层/ [索取号:I267/B763:1] | 在馆 |